The economic life of refugees / (Record no. 13518)

000 -LEADER
fixed length control field 00753cam a22002054a 4500
020 ## - INTERNATIONAL STANDARD BOOK NUMBER
ISBN 1565492048 (pbk. : alk. paper)
040 ## - CATALOGING SOURCE
Transcribing agency DLC
082 00 - DEWEY DECIMAL CLASSIFICATION NUMBER
Classification number 330 KUM 2005 A010 Co.
100 1# - MAIN ENTRY--AUTHOR NAME
Personal name Jacobsen, Karen.
245 14 - TITLE STATEMENT
Title The economic life of refugees /
260 ## - PUBLICATION, DISTRIBUTION, ETC. (IMPRINT)
Place of publication Bloomfield, CT :
Name of publisher Kumarian Press, Inc.,
Year of publication c2005.
300 ## - PHYSICAL DESCRIPTION
Number of Pages x, 131 p. ;
Dimensions 23 cm.
520 ## - SUMMARY, ETC.
Summary, etc "Explores the economic life of refugees in protracted situations in a variety of settings: in camps, in urban areas and in third countries in the West"--Provided by publisher.
650 #0 - SUBJECT ADDED ENTRY--TOPICAL TERM
Topical Term Refugees
650 #0 - SUBJECT ADDED ENTRY--TOPICAL TERM
Topical Term Refugee camps.
650 #0 - SUBJECT ADDED ENTRY--TOPICAL TERM
Topical Term Economic assistance.
650 #0 - SUBJECT ADDED ENTRY--TOPICAL TERM
Topical Term International relief.
856 41 - ELECTRONIC LOCATION AND ACCESS
Uniform Resource Identifier http://www.loc.gov/catdir/toc/ecip058/2005004339.html
942 ## - ADDED ENTRY ELEMENTS (KOHA)
Koha item type សៀវភៅភាសាអង់គ្លេស
952 ## - LOCATION AND ITEM INFORMATION (KOHA)
Withdrawn status [LOCAL, KOHA] 0
Holdings
Permanent Location Date acquired Koha item type Lost status Shelving location Barcode Current Location Full call number
Library Block A2017-08-27សៀវភៅភាសាអង់គ្លេស A010RUA045907Library Block A330 KUM 2005 A010 Co.
មជ្ឈមណ្ឌលឯការនៃសាកលវិទ្យាល័យភូមិន្ទកសិកម្មចំការដូង

Powered by Koha